Đêm bi thảm /
Một cuộc phá án của thanh tra cảnh sát người Bỉ, thanh tra Poirot ở lâu đài Styles. NHững tình tiết hấp dẫn, lôi cuốn người đọc vào từng chi tiết của cốt truyện.
Enregistré dans:
| Auteur principal: | |
|---|---|
| Autres auteurs: | |
| Format: | Livre |
| Langue: | Vietnamese English |
| Publié: |
Hà Nội :
Công an nhân dân,
2000.
|
| Sujets: | |
| Tags: |
Ajouter un tag
Pas de tags, Soyez le premier à ajouter un tag!
|
| Thư viện lưu trữ: | Mạng thư viện Đại học Đà Nẵng |
|---|
| LEADER | 01152cam a2200361 i 4500 | ||
|---|---|---|---|
| 001 | 000046770 | ||
| 003 | 6278 | ||
| 005 | 20030929111755.0 | ||
| 008 | 010306b2000 vm 000 vie | ||
| 020 | |c 24500 | ||
| 040 | |a IRC |c IRC |d IRC | ||
| 041 | 1 | |a vie |h eng | |
| 082 | 1 | 4 | |a 823.087 |b CH-A |
| 100 | 1 | |a Christie, Agatha, |d 1890-1976. | |
| 245 | 0 | 0 | |a Đêm bi thảm / |c Agatha Christie ; Trần Bình dịch. |
| 260 | |a Hà Nội : |b Công an nhân dân, |c 2000. | ||
| 300 | |a 295tr. ; |c 19cm. | ||
| 520 | 3 | |a Một cuộc phá án của thanh tra cảnh sát người Bỉ, thanh tra Poirot ở lâu đài Styles. NHững tình tiết hấp dẫn, lôi cuốn người đọc vào từng chi tiết của cốt truyện. | |
| 630 | 0 | 4 | |a Văn học Anh. |
| 630 | 0 | 4 | |a Tiểu thuyết trinh thám. |
| 630 | 0 | 4 | |a Agatha Christie. |
| 650 | 0 | 4 | |a Tiểu thuyết trinh thám. |
| 700 | 1 | |a Trần Bình, |e dịch. | |
| OWN | |a DUT | ||
| 999 | |a From the UDN01 | ||
| TYP | |a Monograph | ||
| TYP | |a Printed language | ||
| 980 | |a Mạng thư viện Đại học Đà Nẵng | ||